[Event "HUN-chT2 Szechenyi 1415"]
[Site "Hungary"]
[Date "2014.09.21"]
[Round "2.4"]
[White "Czupor, Attila"]
[Black "Horvath, Rudolf"]
[Result "1/2-1/2"]
[WhiteElo "2180"]
[BlackElo "1872"]
[PlyCount "80"]
[EventDate "2014.09.07"]
[EventType "team-tourn"]
[EventRounds "11"]
[EventCountry "HUN"]
[SourceTitle "EXT 2016"]
[Source "ChessBase"]
[SourceDate "2015.10.08"]
[SourceVersion "1"]
[SourceVersionDate "2015.10.08"]
[SourceQuality "1"]
[WhiteTeam "Sarvar"]
[BlackTeam "Veszprem"]
[WhiteTeamCountry "HUN"]
[BlackTeamCountry "HUN"]

1. e4 e5 2. Nf3 Nc6 3. Bb5 a6 4. Ba4 Nf6 5. 0-0 b5 6. Bb3 Be7 7. Re1 d6 8. c3 Na5 9. Bc2 c5 10. d4 Qc7 11. Nbd2 Bg4 12. d5 0-0 13. Nf1 Nc4 14. b3 Nb6 15. h3 Bxf3 16. Qxf3 c4 17. Ng3 cxb3 18. axb3 Rfc8 19. Bd2 b4 20. c4 a5 21. Nf5 Bf8 22. Ra2 Ra7 23. Rea1 Rca8 24. Ne3 Nbd7 25. Nd1 Be7 26. Nb2 Nc5 27. Qe3 Nfd7 28. g3 Bd8 29. Kg2 Qb7 30. Qf3 Bb6 31. h4 Na6 32. Na4 Bd4 33. Be3 Bxe3 34. Qxe3 Nac5 35. Nb2 Nb6 36. Kh2 Qd7 37. Kg2 Qg4 38. f3 Qd7 39. Nd3 Qc7 40. Nb2 Qd7 1/2-1/2

[Event "Balatonalmadi Pannonia Cup 18th"]
[Site "Balatonalmadi"]
[Date "2013.07.24"]
[Round "1"]
[White "Horvath, Rudolf"]
[Black "Rigo, Janos"]
[Result "0-1"]
[WhiteElo "1926"]
[BlackElo "2271"]
[PlyCount "72"]
[EventDate "2013.07.24"]
[EventType "swiss"]
[EventRounds "7"]
[EventCountry "HUN"]
[SourceTitle "EXT 2016"]
[Source "ChessBase"]
[SourceDate "2015.10.08"]
[SourceVersion "1"]
[SourceVersionDate "2015.10.08"]
[SourceQuality "1"]

1. c4 f5 2. Nf3 Nf6 3. d4 e6 4. Bf4 Be7 5. Nbd2 Nh5 6. e3 0-0 7. Ne5 Nxf4 8. exf4 c5 9. Nb3 cxd4 10. Qxd4 Bb4+ 11. Nd2 d6 12. Nd3 Nc6 13. Qe3 Ba5 14. 0-0-0 Bb6 15. c5 dxc5 16. Nxc5 Qe7 17. Ndb3 Na5 18. Nxa5 Bxc5 19. Qf3 Qc7 20. Nb3 Be3+ 21. Kb1 Bxf4 22. g3 Bh6 23. Bg2 a5 24. Rd3 a4 25. Rc3 Qb6 26. Nc5 Ra5 27. Nd3 Rb5 28. Qe2 Rd8 29. Qc2 Bd7 30. Rd1 Be8 31. Bf3 Bg5 32. Rc8 Rxc8 33. Qxc8 Kf8 34. Re1 a3 35. Qc2 Bf6 36. Re2 Bxb2 0-1

[Event "HUN-chT2 Szechenyi 1011"]
[Site "Hungary"]
[Date "2011.04.10"]
[Round "8.11"]
[White "Horvath, Rudolf"]
[Black "Kiss, Balint"]
[Result "0-1"]
[WhiteElo "1845"]
[BlackElo "1710"]
[PlyCount "62"]
[EventDate "2010.09.12"]
[EventType "team-tourn"]
[EventRounds "11"]
[EventCountry "HUN"]
[SourceTitle "EXT 2012"]
[Source "ChessBase"]
[SourceDate "2011.11.24"]
[SourceVersion "1"]
[SourceVersionDate "2011.11.24"]
[SourceQuality "1"]
[WhiteTeam "Veszprem"]
[BlackTeam "Arboretum"]
[WhiteTeamCountry "HUN"]
[BlackTeamCountry "HUN"]

1. c4 e5 2. Nc3 Nf6 3. g3 Bc5 4. Bg2 0-0 5. e3 Re8 6. Nge2 Nc6 7. 0-0 e4 8. Nd5 Nb4 9. Nxb4 Bxb4 10. a3 Bf8 11. Nc3 c6 12. d3 exd3 13. Qxd3 d6 14. e4 Nd7 15. f4 Nc5 16. Qc2 Qb6 17. Be3 Qb3 18. Rfc1 Qxc4 19. Bf1 Qe6 20. f5 Qe7 21. Bg2 Nd7 22. Rd1 Ne5 23. Rd4 f6 24. Rad1 Rd8 25. Nb1 b6 26. Bf4 Bb7 27. Qb3+ Kh8 28. Bxe5 dxe5 29. Rxd8 Rxd8 30. Rxd8 Qxd8 31. Qf7 Bc5+ 0-1